00883cam a22002531 4500001001300000003000400013005001700017008004100034010001700075035001800092040003300110042001200143050002100155100003500176245007900211260004800290300004500338490006800383500005100451504002800502650003500530830004700565999001700612gs 14000597 DLC20260227111316.0721207s1914 oncb b 000 0 eng  ags 14000597  a(OCoLC)509890 aDLCcOAkUdOCoLCdNSbSUdDLC apremarc00aQE185b.A2 no.431 aO'Neill, John Johnston,d1886-10aSt. Hilaire (Beloeil) and Rougement mountains,bQuebec,cby J. J. O'Neill. aOttawa,bGovernment Printing Bureau,c1914. avi, 108 p.bfold. map in pocket.c25 cm.1 aCanada. Geological Survey. Memoir 43, no. 36, Geological series aAt head of title: Canada. Department of mines. aBibliography: p. 93-95. 0aPetrologyzQuébec (Province) 0aMemoir (Geological Survey of Canada) ;v43 c25385d25385